Tuyển chọn những bài ôn luyện thi vào Đại học, Cao đẳng môn Lịch sử

Sparad:
Bibliografiska uppgifter
Huvudupphovsman: Lê, Mậu Hãn
Materialtyp: Bok
Språk:Undetermined
Publicerad: Hà Nội Giáo Dục 2004
Ämnen:
Taggar: Lägg till en tagg
Inga taggar, Lägg till första taggen!
Thư viện lưu trữ: Trung tâm Học liệu Trường Đại học Cần Thơ
LEADER 00632nam a2200205Ia 4500
001 CTU_92650
008 210402s9999 xx 000 0 und d
020 |c 25000 
082 |a 907 
082 |b H105 
100 |a Lê, Mậu Hãn 
245 0 |a Tuyển chọn những bài ôn luyện thi vào Đại học, Cao đẳng môn Lịch sử 
245 0 |c Lê Mậu Hãn ( chủ biên) ... [et al.] 
260 |a Hà Nội 
260 |b Giáo Dục 
260 |c 2004 
650 |a History 
650 |x Study and teaching 
904 |i Mai Loan 
980 |a Trung tâm Học liệu Trường Đại học Cần Thơ